000 00766nam a22002657a 4500
001 BR9405912
003 BR-BrBNA
005 20230928094123.0
007 ta
008 230509b bl.||||| |||| 00| 0 por d
040 _aBR-BrBNA
_bpor
_cBiblioteca Nacional de Agricultura
041 _a(Por)
072 _aP05; Q02; E21
090 _ P05 BR9405912
110 1 _aCompanhia Energetica de Minas Gerais, Belo Horizonte (Brasil)
_92426
245 1 _aUso de energia na industria de laticinios em Minas Gerais 1983-1984
260 3 _aBelo Horizonte, MG (Brasil):
_c1986.
300 _a191 p.
500 _aSummary (Por); 33 ref.
650 _aEnergia
650 _aLaticinio
650 _aMinas Gerais
909 _a202309
_bLucia
_c55
_dLucia Elande
942 _cBK
999 _c48955
_d48955